Centroamérica 1994: II parte: la Cumbre de las Américas : Miami, Estados Unidos, 9-11 de diciembre, 1994
Guardado en:
| Format: | Bog |
|---|---|
| Sprog: | Spanish |
| Tags: |
Tilføj Tag
Ingen Tags, Vær først til at tagge denne postø!
|
MARC
| LEADER | 00000nam a22000007a 4500 | ||
|---|---|---|---|
| 003 | cru CIDCACS/IIS | ||
| 005 | 20191205111326.0 | ||
| 007 | ta | ||
| 008 | 191205s1995 gt |||p|r||||||0| | spa|| | ||
| 999 | |c 42714 |d 42714 | ||
| 040 | |c cru CIDCACS/IIS | ||
| 245 | 0 | |a Centroamérica 1994: |b II parte: la Cumbre de las Américas : Miami, Estados Unidos, 9-11 de diciembre, 1994 | |
| 300 | |a páginas 115-166 | ||
| 773 | 0 | |0 42330 |9 3220 |d Guatemala INCEP |o 08252 |t Panorama Centroamericano | |
| 942 | |2 ddc |c PP | ||
